Statistics for U.S. States with the Most Vowels

Click here to take the quiz!

General Stats

  • This quiz has been taken 35 times
  • The average score is 3 of 6

Answer Stats

# of VowelsState% Correct
5California
75%
6South Carolina
72%
5South Dakota
66%
5North Carolina
59%
5West Virginia
41%
6Louisiana
28%

Score Distribution

Percentile by Number Answered

Percent of People with Each Score

Your Score History

You have not taken this quiz